| 000 | 01034nam a2200205 i 4500 | ||
|---|---|---|---|
| 001 | 88013 | ||
| 003 | ES-MaACL | ||
| 005 | 20230906175802.0 | ||
| 007 | t| | ||
| 008 | 041230m19361975fr a |||| | fre d | ||
| 080 | _a615.82 | ||
| 245 | 0 | 0 |
_aEncyclopedie Médico-chirurgicale _b: traité de Medicine et de Chirurgie sur fascicules mobiles constantement tenues áa jour / _c[directeur general A. Laffont]. |
| 250 | _a1ª ed. | ||
| 260 |
_aParis : _b[s.n.], _c1936-1975. |
||
| 300 |
_a110 v. ; _c34 x 27 cm. |
||
| 505 | 0 | _aAnesthésie. Cardiologie. Dermatologie. Endocrinologie-Nutrition. Gastro-entérologie. Gynécologie. Hématologie. Hépatologie. Homéopathie. Kinesithérapie. Maladies Infectieuses. Nephrologie-Urologie. Neurologie. Obstétrique. Ophtalmologie. Oto-Rhino-Laryngologie. Pédiatrie. Pneumologie. Psychiatrie. Radiodiagnostic. Techniques chirurgicales.Thérapeutique. Toxicologie. Urgences médicales. | |
| 650 | 4 |
_aMedicina- _vEnciclopedias. _914899 |
|
| 700 | 1 |
_aLaffont, A. _969489 |
|
| 852 |
_aES-MaACL _jJ-60 |
||
| 999 |
_c88013 _d88013 |
||